Statistics for Word Scramble - Countries

Click here to take the quiz!

General Stats

  • This quiz has been taken 2,168 times
  • The average score is 13 of 20

Answer Stats

Hint Answer % Correct
aniatznaTanzania
91%
ganaduUganda
87%
dacrasamgaMadagascar
86%
ayaugarpParaguay
84%
hisnagtnaafAfghanistan
81%
oibduijtDjibouti
80%
ntalwirsdzeSwitzerland
78%
eatmnviVietnam
76%
baenajziarAzerbaijan
72%
dmaoibacCambodia
70%
ngyamerGermany
66%
ysrakntzygKyrgyzstan
60%
msoocroComoros
60%
saneionidIndonesia
56%
erliasIsrael
55%
rubineBrunei
55%
ierunakUkraine
50%
teniltesihcneLiechtenstein
45%
rusonhadHonduras
40%
visneoalSlovenia
35%

Score Distribution

Percentile by Number Answered

Percent of People with Each Score

Your Score History

You have not taken this quiz